000 01137nam a22001937a 4500
999 _c59358
_d59358
003 Ge_BSU
005 20230201094402.0
008 230130s2004 ge ||||| |||| 00| 0 geo d
020 _a9992807105
041 _ageo
080 _a342(4) შ-58
100 _aშვარცი, ჰერმან
_916820
245 _aკონსტიტუციური მართლმსაჯულების დამკვიდრება პოსტკომუნისტურ ევროპაში /
_cპატრიცია მ. ვალდის წინასიტყვ. ; მთარგმნ.: ქეთევან ალექსიძე ; სამეცნ. რედ.: კონსტანტინე კუბლაშვილი, რედ.: ნანა კაპანაძე.
264 _aთბილისი :
_bაირის საქართველო,
_c2003.
300 _a488 გვ. ;
_b 20 სმ.
504 _aბიბლიოგრ.: გვ. 484-488.
653 _aკონსტიტუციური სამართალი ევროპაში.
942 _2udc
_cBK